Writing for the real world : An introcduction to general writing : Teacher's guide
This title contains practice activities and key reference material that cover the core writing skills needed by adults in general and business contexts.
Đã lưu trong:
| Hovedforfatter: | |
|---|---|
| Format: | Bog |
| Sprog: | Undetermined |
| Udgivet: |
Oxford
Oxford University Press
2005
|
| Fag: | |
| Tags: |
Tilføj Tag
Ingen Tags, Vær først til at tagge denne postø!
|
| Thư viện lưu trữ: | Trung tâm Học liệu Trường Đại học Cần Thơ |
|---|
| LEADER | 00811nam a2200229Ia 4500 | ||
|---|---|---|---|
| 001 | CTU_115729 | ||
| 008 | 210402s9999 xx 000 0 und d | ||
| 020 | |c 93000 | ||
| 082 | |a 428.2 | ||
| 082 | |b Z53/B.1 | ||
| 100 | |a Zemach, Dorothy E. | ||
| 245 | 0 | |a Writing for the real world : | |
| 245 | 3 | |b An introcduction to general writing : Teacher's guide | |
| 245 | 0 | |c Dorothy E Zemach | |
| 260 | |a Oxford | ||
| 260 | |b Oxford University Press | ||
| 260 | |c 2005 | ||
| 520 | |a This title contains practice activities and key reference material that cover the core writing skills needed by adults in general and business contexts. | ||
| 650 | |a English language,English language | ||
| 650 | |x Rhetoric,Study and teaching,Writing | ||
| 904 | |i Mai | ||
| 980 | |a Trung tâm Học liệu Trường Đại học Cần Thơ | ||